| 000 | 01011nas a2200325 4500 | ||
|---|---|---|---|
| 001 | BR0302669 | ||
| 003 | BR-BrBNA | ||
| 005 | 20231205103822.0 | ||
| 007 | ta | ||
| 008 | 230509b bl.|||p| |||| 00| 00por d | ||
| 040 |
_aBR-BrBNA _bpor _cBiblioteca Nacional de Agricultura |
||
| 041 | _a(Pt) | ||
| 072 | _aF62; F60 | ||
| 100 | 1 | _aCarvalho, J. de A. | |
| 100 | 1 | _aHenriques, E.B. | |
| 100 | 1 | _aPaiva, P.D. de O. | |
| 100 | 1 | _aPereira, G.M. | |
| 100 | 1 | _aPereira, J.R.D. | |
| 245 | 1 | _aCrescimento e produção de hastes florais de gladíolo cultivado com déficit hídrico nas diferentes fases fenológicas | |
| 650 | _aGLADÍOLO | ||
| 650 | _aPRODUÇÃO VEGETAL | ||
| 650 | _aCAULE | ||
| 650 | _aCRESCIMENTO | ||
| 650 | _aDEFICIÊNCIA HÍDRICA | ||
| 650 | _aIRRIGAÇÃO | ||
| 650 | _aFENOLOGIA | ||
| 773 | 0 |
_tRevista Brasileira de Horticultura Ornamental (Brazil) _xISSN 1414-039X _g(2001), v. 7(2) p. 95-100 _wBR0302669 |
|
| 909 |
_a202311 _bLúcia _c55 _dLúcia Elande |
||
| 942 |
_2AGRIS _n0 _cANA |
||
| 999 |
_c174886 _d174886 |
||